Quizzes
Events
Quiz Creation
Community
Videos
Private Events
Remove Ads
Sign In
Join for FREE
Feedback
Dark Mode
Quiz Categories
Sports
Geography
Music
Movies
Television
Just For Fun
Miscellaneous
History
Literature
Language
Science
Gaming
Entertainment
Religion
Holiday
For Kids
Quiz Lab
Recent
Popular Today
Quiz Kudos Today
Editor Picks
Curator Picks
Quizzes by...
Day
Popularity
Type
Ratings
Length
Year
Community
Subscriptions
Recent Discussions
Orange Saloon
Badges
Playlists
Quests
Create
Leaderboards
Showdown
Live 5
Trivia Bingo
Activity
Puzzle Library
Sporcle Events
Private Events
Virtual Trivia
Globe League
Become a Host
Pub Owners
SporcleCon
Opinionation
Our Games
Videos
Blog
Mobile Apps
Partnerships
Remove Ads and Go Orange
Feedback
Movies
Disney
Marvel Cinematic Universe
Movie Resume
Movie Titles
Oscar
Actor
Actress
Director
Pixar
Role
Movie Quotes
Movie Characters
Box Office
Nominee
Best Picture
Star Wars
James Bond
Horror Movies
Movies
Disney
Marvel Cinematic Universe
Movie Resume
Movie Titles
Oscar
Actor
Actress
Director
Pixar
Role
Movie Quotes
Movie Characters
Box Office
Nominee
Best Picture
Star Wars
James Bond
Horror Movies
Random Quiz
Search Sporcle
×
Quiz Lab
Quiz Lab
Movies
Oscar
Select answers by clicking on text or image buttons
Select answers by clicking on text or image buttons
Clickable
Best Score? Go Orange.
Actor Golden Globe Win/Oscar Loss Stats
Can you click the actor who beat the Oscar winner for the Golden Globe but lost to him at the Oscars?
By
mofetajerve
4m
23 Questions
49 Plays
49 Plays
49 Plays
Comments
Comments
Give Quiz Kudos
Give Quiz Kudos
-
- Ratings
hide this ad
Forced Order
Answers have to be entered in order
Answers have to be entered in order
Replay
Link that replays current quiz
Next Quiz
Link to next quiz in quiz playlist
You Got
0%
They Got
Avg Score
59%
Avg Friend Score
Upgrade to see
Score Distribution
Jump to the score distribution portion of the page
Score
0/23
Timer
04:00
0
Plays Today
% Correct
Jack Nicholson
77.6%
Clive Owen
75.5%
Brad Pitt
75.5%
Burt Reynolds
71.4%
Mickey Rourke
69.4%
Russell Crowe
69.4%
Tom Hanks
69.4%
Tom Cruise
69.4%
Edward Norton
65.3%
Nick Nolte
65.3%
Bruce Davison
65.3%
Denzel Washington
63.3%
% Correct
Bob Hoskins
61.2%
Al Pacino
59.2%
Peter O'Toole
55.1%
Sal Mineo
51%
Jon Voight
49%
Laurence Olivier
49%
John Hurt
46.9%
Edmund Gwenn
46.9%
Omar Sharif
42.9%
Peter Firth
38.8%
John Huston
36.7%
Quiz Playlist
Details
Report
Send in Message
Add To Playlist
Clickable:
Select answers by clicking on text or image buttons
Forced Order:
Answers have to be entered in order
Quiz Source
Last Updated: Feb 16, 2017
Quiz Scoreboard
CHALLENGE
Sign Up to Join the Scoreboard
Show All
Scores
Hide
Comments
May contain spoilers
Recently Published
College Basketball Coaching Resumes
by pancakes188
Sports
9m
Billboard Blitz: Fleetwood Mac
by CooCooCachoo
Music
15s
Presidents Visiting Landmarks
by Hejman
History
7m
More to Explore
Quiz From the Vault
Featured Blog Post
Where Did the Easter Bunny Come From?
hide this ad
You Might Also Like...
Tags
Actor Quiz
Oscar Quiz
Academy Awards
Best Actor
Golden Globes
Lead Actor
Oscar Nominated
Supporting Actor
Today's Top Quizzes in Movies
Browse Movies
hide this ad
Today's Top Quizzes in Oscar
Browse Oscar
Top Contributed Quizzes in Movies
1
Pick 5 Posters: Directed by Spielberg
2
7-to-1: Pixar Characters
3
Pick 5 Posters: Lowest-Rated Spielberg
4
Sorting Actors
5
Pick 5 Posters: Directed by Scorsese
6
Sorting Actresses
7
Pick 5 Posters: Star & Director
8
Pick 5 Posters: Women Directed 2020s
9
12 Movies about Fictional 1960s Events
10
Multi-Oscar Nominations, One Movie, One Winner
Explore More
Trending Topics
Crossword
Harry Potter
Anime
Kpop
NBA
Marvel
Disney
Pokémon
NFL
WWE
Country
Soccer
The Office
Song
Puzzle
hide this ad
More By:
mofetajerve
Quiz
Plays
Rating
Category
Featured
Created
Geography Numbers
56,521
4.06
Geography
Sep 4, 2015
3 or More 2017 Motion Picture Golden Globe Nominations
6,013
4.12
Movies
Dec 13, 2017
Missing Word: Film Sequels II
4,478
4.36
Just For Fun
Mar 21, 2016
Tom Hanks: 15 Seconds of Fame
2,674
4.33
Movies
Feb 1, 2020
2017 Motion Picture Golden Globe Winners
2,559
4.53
Movies
Jan 7, 2018
Go to Creator's Profile
Score Distribution
Quiz Creator Spotlight
mofetajerve
Follow
Send a Message
Quizzes Created
-
Created Quiz Play Count
-
More By This Creator
Popular Quizzes Today
1
Find the US States - No Outlines Minefield
2
Find the Countries of Europe - No Outlines Minefield
3
The Countries of the World
4
Find the US States
5
Risky Map Clicking: Biggest States A-Z
6
US States
7
Popular People in 1961
8
Movies - When Are They Set?
More Movies Quizzes
Planes, Trains, and Automobiles: Movies
Published
Trending Quizzes
Risky Map Clicking: Least Populous States A-Z
1-10 Letter G Words
1-10 Letter F Words
Risky Map Clicking: Next State Alphabetically
Risky Map Clicking: Biggest States A-Z
Recently Updated
Leaping Animals
pecheneg
Reality TV Shows (A-Z)
bhenderson79
Rickey Henderson's Hall of Fame Teammates
pecheneg
Champions League XIs: Arsenal
pecheneg
Quick Pick: Celebrities in WWE's Hall of Fame
aduchscher
A-Z Keypad Blitz II
pecheneg
Multiple Oscar Actors
pecheneg
Mystery Phrase Blitz: Oscar 'Best Actors'
pecheneg
F. Scott Fitzgerald Novels
LTH
Pick 3 Villains
ddd62291
Trending Topics
Marvel
NBA
Harry Potter
Crossword
Anime
Kpop
Disney
The Office
Puzzle
Country
Song
NFL
Soccer
WWE
Pokémon
Your Account Isn't Verified!
In order to create a playlist on Sporcle, you need to verify the email address you used during registration. Go to your
Sporcle Settings
to finish the process.
Report this User
Report this user for behavior that violates our
Community Guidelines
.
Details:
Send Report
Go to the Sporcle.com Mobile Site →
Comments